LEADER 01000nam a2200241 i 4500 001 991004142429707536 005 20020509154717.0 008 930503s1971 fr ||| | fre 035 $ab11272302-39ule_inst 035 $aPARLA196280$9ExL 040 $aDip.to Filol. Class. e Med.$bita 100 1 $aLemerle, Paul$0152892 245 13$aLe premier humanisme byzantin :$bnotes et remarques sur enseignement et culture à Byzance des origines au X. siècle /$cpar Paul Lemerle 260 $aParis :$bPresses Universitaires de France,$c1971 300 $a326 p. ;$c24 cm. 490 0 $aBibliothèque byzantine. Etudes ;$v6 650 4$aStudi letterari 907 $a.b11272302$b23-02-17$c01-07-02 912 $a991004142429707536 945 $aLE007 C Litt 4512 Sala cons.$g1$i2007000011843$lle007$nSala Consultazione$o-$pE0.00$q-$rl$s- $t0$u0$v0$w0$x0$y.i11435859$z01-07-02 996 $aPremier humanisme byzantin$9489584 997 $aUNISALENTO 998 $ale007$b01-01-93$cm$da $e-$ffre$gfr $h3$i1 LEADER 02929nam 2200481 450 001 996508572103316 005 20231005194433.0 010 $a9783031163562$b(electronic bk.) 010 $z9783031163555 024 7 $a10.1007/978-3-031-16356-2 035 $a(MiAaPQ)EBC7172252 035 $a(Au-PeEL)EBL7172252 035 $a(CKB)25994673600041 035 $a(DE-He213)978-3-031-16356-2 035 $a(PPN)267811497 035 $a(EXLCZ)9925994673600041 100 $a20230507d2022 uy 0 101 0 $aeng 135 $aurcnu|||||||| 181 $ctxt$2rdacontent 182 $cc$2rdamedia 183 $acr$2rdacarrier 200 10$aAdvanced vibrations $etheory and application /$fReza N. Jazar 205 $aSecond edition. 210 1$aCham, Switzerland :$cSpringer,$d2022. 215 $a1 online resource (894 pages) 311 08$aPrint version: Jazar, Reza N. Advanced Vibrations Cham : Springer International Publishing AG,c2023 9783031163555 320 $aIncludes bibliographical references and index. 327 $aPart 1. Vibration Fundamentals -- 1. Vibration Kinematics -- 2. Vibration Dynamics -- Part 2. Time Response -- 3. One Degree of Freedom -- 4. Multi Degrees of Freedom -- 5. First-Order Systems -- Part 3. Frequency Response -- 6. One Degree of Freedom Systems -- 7. Multi Degrees of Freedom Systems -- 8. Two Degrees of Freedom Systems. 330 $aNow in an updated new edition, this textbook explains mechanical vibrations concepts in detail, concentrating on their practical use. This second edition includes the new chapter Multi-Degree-of-Freedom (MDOF) Time Response, as well as new sections covering superposition, music and vibrations, generalized coordinates and degrees-of-freedom, and first-order systems. Related theorems and formal proofs are provided, as are real-life applications. Students, researchers, and practicing engineers alike will appreciate the user-friendly presentation of a wealth of topics, including practical optimization for designing vibration isolators and transient and harmonic excitations. Advanced Vibrations: Theory and Application is an ideal text for students of engineering, designers, and practicing engineers. Contains unique material based on statement-proof-examples; Derives equations of motion using Newton-Euler and Lagrange methods; Presents optimization of vibrating systems not normally covered in standard vibration books. Advanced Vibrations: Theory and Application is an ideal text for students of engineering, designers, and practicing engineers. 606 $aVibration 606 $aVibració$2thub 608 $aLlibres electrònics$2thub 615 0$aVibration. 615 7$aVibració 676 $a620.3 700 $aJazar$b Reza N.$0772056 801 0$bMiAaPQ 801 1$bMiAaPQ 801 2$bMiAaPQ 912 $a996508572103316 996 $aAdvanced Vibrations$92528983 997 $aUNISA